Elenca la formazione - Finale Mondiali 1998 - Statistics

Statistiche generali
  • Questo quiz è stato fatto 84 volte
  • Il punteggio medio è 12 su 22
Statistiche sulle risposte
Ruolo Club dell'epoca Calciatore % Corretto
Attaccante Inter Ronaldo
100%
Difensore Roma Cafu
99%
Trequartista Juventus Zinédine Zidane
89%
Portiere Monaco Fabien Barthez
86%
Difensore Parma Lilian Thuram
85%
Difensore Real Madrid Roberto Carlos
85%
Centrocampista Barcellona Rivaldo
82%
Difensore Milan Marcel Desailly
76%
Centrocampista Juventus Didier Deschamps
65%
Trequartista Inter Youri Djorkaeff
62%
Difensore Roma Aldair
59%
Portiere Atlético Mineiro Cláudio Taffarel
59%
Difensore Bayern Monaco Bixente Lizarazu
53%
Centrocampista Arsenal Emmanuel Petit
46%
Centrocampista Júbilo Iwata Dunga
45%
Centrocampista Milan Leonardo
32%
Attaccante Cruzeiro Bebeto
31%
Attaccante Newcastle Utd Stéphane Guivarc'h
24%
Centrocampista Real Madrid Christian Karembeu
18%
Difensore Chelsea Frank Lebœuf
12%
Centrocampista Yokohama Flügels César Sampaio
11%
Difensore Flamengo Júnior Baiano
8%
Nessun quiz corrispondente trovato
Distribuzione punteggi
Percentuale di utenti per punteggio
Percentile per numero di risposta
I tuoi punteggi nel tempo
Non hai fatto questo quiz